trouver les personnages à l'aide des indices (friends) - Statistiques

Statistiques générales
  • Ce quiz a été pris 571 fois
  • Le résultat moyen est 13 sur 19
Statistiques - réponses
Hint Réponse % Correct
Maniaque Monica
100%
Shopping addict Rachel
100%
Abonné au divorce Ross
100%
ne partage pas sa nourriture Joey
99%
Farfelue Phoebe
98%
Sarcasme en personne Chandler
97%
On entend son rire à l'autre bout du monde Janice
87%
Actrice porno Ursula
77%
Fan de Rachel Numero 1 Gunther
75%
Pianiste Mike
70%
Change de bord après 7 ans de relation Carole
64%
Magnum Richard
61%
Russie David
53%
Elles sont 7 les soeurs de Joey
53%
Mario Luigi Pizza Paolo
44%
Mari sa prof Frank
39%
Concurrent de Ross Marc
36%
Avec un C ou un K Katie
24%
Le plus poilu de tous Marcel
19%
Aucun quiz correspondant
Distribution des résultats
% des personnes avec chaque résultat
Percentile par nombre de réponses
Votre historique - résultats
Vous n’avez pas pris ce quiz